Documentos para la Historia del Monasterio de San Lorenzo el Real de El Escorial. (Record n. 32263)
[ formato base ]
| 000 -LEADER | |
|---|---|
| fixed length control field | 01521nam a2200253 i 4500 |
| 003 - CONTROL NUMBER IDENTIFIER | |
| control field | IT-RoINE |
| 005 - DATE AND TIME OF LATEST TRANSACTION | |
| control field | 20200622054402.0 |
| 008 - FIXED-LENGTH DATA ELEMENTS--GENERAL INFORMATION | |
| fixed length control field | 900725s1964 sp r | spa d |
| 245 00 - TITLE STATEMENT | |
| Title | Documentos para la Historia del Monasterio de San Lorenzo el Real de El Escorial. |
| Name of part/section of a work | VII. |
| 260 ## - PUBLICATION, DISTRIBUTION, ETC. (IMPRINT) | |
| Place of publication, distribution, etc | Madrid : |
| Name of publisher, distributor, etc | Imprenta del Real Monasterio, |
| Date of publication, distribution, etc | 1964. |
| 300 ## - PHYSICAL DESCRIPTION | |
| Extent | 470 p. ; |
| Dimensions | 24 cm. |
| 336 ## - CONTENT TYPE | |
| Source | rdacontent |
| Content type term | text |
| 337 ## - MEDIA TYPE | |
| Source | rdamedia |
| Media type term | unmediated |
| 338 ## - CARRIER TYPE | |
| Source | rdacarrier |
| Carrier type term | volume |
| 505 0# - FORMATTED CONTENTS NOTE | |
| Miscellaneous information | 1. Entrega de la librería real de Felipe II (1576) -- 2. La biblioteca de don Diego Hurtado de Mendoza (1576) -- 3. Los códices griegos de Teófilo Ventura (1576) -- 4. La biblioteca de don Pedro Fajardo, marqués de los Vélez (1581) -- 5. Los libros confiscados a don Alonso Ramírez de Prado (1611) -- 6. Los libros de la testamentaría de Felipe II (1611) -- 7. Relación de la visita de Felipe IV a El Escorial en 1656 por su capellán Julio Chifflet / edición, prólogos y notas por Gregorio de Andrés.<br/> |
| 600 1# - SUBJECT ADDED ENTRY--PERSONAL NAME | |
| Personal name | Vélez, Pedro Fajardo Chacón, Marqués de los, |
| Dates associated with a name | 1478-1542 |
| 9 (RLIN) | 63272 |
| 600 1# - SUBJECT ADDED ENTRY--PERSONAL NAME | |
| Personal name | Fajardo, Pedro, |
| Titles and other words associated with a name | Marqués de los Vélez, |
| Dates associated with a name | ca. 1530-1579 |
| 9 (RLIN) | 63273 |
| 600 1# - SUBJECT ADDED ENTRY--PERSONAL NAME | |
| Personal name | Ramírez de Prado, Alonso, |
| Dates associated with a name | 1549-1608 |
| 9 (RLIN) | 63274 |
| 600 1# - SUBJECT ADDED ENTRY--PERSONAL NAME | |
| Personal name | Chifflet, Jules, |
| Dates associated with a name | 1615-1676 |
| 9 (RLIN) | 63275 |
| 610 24 - SUBJECT ADDED ENTRY--CORPORATE NAME | |
| 9 (RLIN) | 24857 |
| Corporate name or jurisdiction name as entry element | Monasterio de El Escorial (San Lorenzo de El Escorial, España) |
| General subdivision | Historia |
| -- | Fuentes |
| 600 1# - SUBJECT ADDED ENTRY--PERSONAL NAME | |
| 9 (RLIN) | 63271 |
| Personal name | Hurtado de Mendoza, Diego, |
| Dates associated with a name | 1503-1575 |
| 700 1# - ADDED ENTRY--PERSONAL NAME | |
| Personal name | Andrés, Gregorio de, |
| Titles and other words associated with a name | O.S.A., |
| Dates associated with a name | 1919-2005 |
| 9 (RLIN) | 9849 |
| 942 ## - ADDED ENTRY ELEMENTS (KOHA) | |
| Item type | Monografías |
| Withdrawn status | Lost status | Damaged status | Not for loan | Home library | Current library | Date acquired | Total Checkouts | Full call number | Barcode | Date last seen | Price effective from | Koha item type | Public note |
|---|---|---|---|---|---|---|---|---|---|---|---|---|---|
| Iglesia Nacional Española en Roma | Iglesia Nacional Española en Roma | 09/10/2019 | FUE.HIS.ECL 91.7 | 59096 | 09/10/2019 | 09/10/2019 | Monografías | VII |